Statistics for Word Search - Countries #2

Click here to take the quiz!

General Stats

  • This quiz has been taken 229 times
    (177 since last reset)
  • The average score is 10 of 20

Answer Stats

Country% Correct
Burkina Faso
93%
Poland
89%
Denmark
83%
North Korea
81%
Guinea
79%
Qatar
77%
Fiji
58%
France
50%
Iceland
50%
Argentina
46%
Gambia
43%
Guyana
42%
Mali
37%
Eritrea
34%
Nepal
34%
Japan
25%
Monaco
25%
Israel
22%
Cambodia
14%
Libya
11%

Score Distribution

Percentile by Number Answered

Percent of People with Each Score

Your Score History

You have not taken this quiz since the last reset